Stadtteile von Aachen - Statistiken

Allgemein
  • Dieses Quiz wurde 89 mal gespielt
  • Das Durchschnittsergebnis liegt bei 18 aus 77
Antwortstatistiken
Hint Antwort % Korrekt
Laurensberg Laurensberg
70%
Brand Brand
69%
Burtscheid Burtscheid
68%
Forst Forst
66%
Richterich Richterich
65%
Eilendorf Eilendorf
62%
Haaren Haaren
61%
Kornelimünster Kornelimünster
58%
Forst Rothe Erde
58%
Walheim Walheim
57%
Burtscheid Frankenberger Viertel
53%
Sief Sief
53%
Lichtenbusch Lichtenbusch
49%
Aachen Mitte Soers
42%
Laurensberg Soers
42%
Walheim Hahn
39%
Laurensberg Vaalserquartier
38%
Aachen Mitte Altstadt
35%
Aachen Mitte Hörn
35%
Haaren Verlautenheide
35%
Aachen Mitte Ostviertel
32%
Aachen Mitte Südviertel
31%
Laurensberg Melaten
30%
Aachen Mitte Hanbruch
26%
Richterich Horbach
26%
Aachen Mitte Preuswald
26%
Burtscheid Beverau
23%
Aachen Mitte Westviertel
23%
Brand Freund
22%
Aachen Mitte Nordviertel
22%
Walheim Oberforstbach
22%
Laurensberg Seffent
22%
Sief Orsbach
20%
Laurensberg Orsbach
20%
Haaren Hüls
19%
Forst Driescher Hof
16%
Forst Lintert
16%
Eilendorf Nirm
16%
Walheim Schleckheim
16%
Forst Schönforst
16%
Forst Hitfeld
15%
Brand Krauthausen
15%
Laurensberg Lemiers
15%
Aachen Mitte Ronheide
15%
Aachen Mitte Bildchen
14%
Aachen Mitte Siegel
14%
Laurensberg Vetschau
14%
Walheim Nütheim
12%
Aachen Mitte Königshügel
11%
Brand Niederforstbach
11%
Aachen Mitte Steinebrück
11%
Laurensberg Steppenberg
11%
Walheim Friesenrath
9%
Aachen Mitte Köpfchen
9%
Walheim Schmithof
9%
Richterich Uersfeld
9%
Aachen Mitte Bahnhofsviertel
8%
Laurensberg Gut Kullen
7%
Aachen Mitte Lousbergviertel
7%
Brand Rollef
7%
Sief Brandenburg
5%
Walheim Eich
5%
Walheim Grüne Eiche
5%
Laurensberg Beulardstein
4%
Richterich Forsterheide
4%
Richterich Grünenthal
4%
Aachen Mitte Reumontviertel
4%
Aachen Mitte Aureliusviertel
3%
Brand Brander Feld
3%
Richterich Frohnrath
3%
Richterich Huf
3%
Forst Krummerück
3%
Sief Mariental
3%
Lichtenbusch Am Kreuzchen
1%
Kornelimünster Bleihütte
1%
Sief Neuhaus
1%
Kornelimünster Schlausermühle
1%
Keine übereinstimmenden Quizze gefunden
Verteilung der Resultate
Anzahl Personen mit jedem Resultat
Perzentil nach korrekt beantworteten Fragen
Ihre Resultats-Entwicklung
Sie haben dieses Quiz noch nicht gespielt